Länder, die an Indien grenzen - Statistiken

Allgemein
  • Dieses Quiz wurde 30.593 mal gespielt
  • Das Durchschnittsergebnis liegt bei 5 aus 6
Antwortstatistiken
Länge Länder % Korrekt
3,380 km China
95%
2,912 km Pakistan
94%
1,690 km Nepal
91%
4,053 km Bangladesch
86%
605 km Bhutan
76%
1,463 km Myanmar
71%
Keine übereinstimmenden Quizze gefunden
Verteilung der Resultate
Anzahl Personen mit jedem Resultat
Perzentil nach korrekt beantworteten Fragen
Ihre Resultats-Entwicklung
Sie haben dieses Quiz noch nicht gespielt